00921nam a22001937a 450000500170000000800410001702000180005803500090007604000090008510000300009424501020012425600250022626000300025130000280028150602800030965000240058974000380061385600760065120240305165349.0111028s2004 sp ||||| |||| 00||0 spa d a84-9772-358-9 a5971 avLex1 aVaquera García, Antonio10aRégimen tributario de la empresa familiarh[Recurso electrónico] /cAntonio Vaquera García  aServicio en línea. aMadrid :bDykinson,c2004 a1 recurso electrónico1 aContenido solo disponible en los productos indicadosdvLex GlobaldvLex Global (Academic Edition, excluding Law Schools)dvLex Global (U.S. Academic Edition, Law Schools)dvLex Global (U.S. Academic Edition, excluding Law Schools)dvLex Global (Academic Edition, Law Schools)04aEmpresas familiares0 avLex Libros (Servicio en línea)40uhttps://app.vlex.com/#/sources/regimen-tributario-empresa-familiar-5971